[Event "EUR-ch U14 w"]
[Site "Batumi GEO"]
[Date "2014.10.23"]
[Round "5"]
[White "Avetisyan, Mariam"]
[Black "Afonasieva, Anna"]
[Result "1/2-1/2"]
[WhiteElo "1787"]
[BlackElo "1956"]
[PlyCount "81"]
[EventDate "2014.10.19"]
[EventType "swiss"]
[EventRounds "9"]
[EventCountry "CAN"]
[Source "Chessbase"]
[SourceDate "2015.02.06"]

1. e4 c5 2. c3 g6 3. d4 cxd4 4. cxd4 d5 5. exd5 Qxd5 6. Nc3 Qd8 7. Nf3 Bg7 8.
Bb5+ Nd7 9. O-O Ngf6 10. Be3 O-O 11. Qd2 Nb6 12. Rfe1 a6 13. Bf1 Be6 14. Bh6
Rc8 15. Bxg7 Kxg7 16. b3 Bd5 17. Nxd5 Nbxd5 18. Rac1 Qd6 19. g3 e6 20. Bg2 Qb4
21. Qb2 Rc3 22. Rxc3 Qxc3 23. Qxc3 Nxc3 24. a4 b6 25. Kf1 Rd8 26. Rc1 Nfe4 27.
Ke1 Rd5 28. h4 f6 29. Ng1 Rd7 30. Ne2 Nxe2 31. Kxe2 Nd6 32. Bh3 f5 33. Rc6 Ne4
34. Rxb6 Rxd4 35. Rxa6 Rb4 36. Rxe6 Rxb3 37. Bg2 Rb2+ 38. Ke1 Nc5 39. Re7+ Kf6
40. Re3 Nxa4 41. Re2 1/2-1/2

[Event "EUR-ch U14 w"]
[Site "Batumi GEO"]
[Date "2014.10.23"]
[Round "5"]
[White "Avramidou, Anastasia"]
[Black "Balajayeva, Khanim"]
[Result "1-0"]
[WhiteElo "2120"]
[BlackElo "1856"]
[PlyCount "89"]
[EventDate "2014.10.19"]
[EventType "swiss"]
[EventRounds "9"]
[EventCountry "CAN"]
[Source "Chessbase"]
[SourceDate "2015.02.06"]

1. e4 e5 2. Nf3 Nc6 3. Bb5 a6 4. Bxc6 dxc6 5. O-O Bg4 6. h3 Bxf3 7. Qxf3 Qf6 8.
Qxf6 Nxf6 9. d3 O-O-O 10. Bg5 Be7 11. Nd2 h6 12. Bh4 Rhe8 13. Nc4 g5 14. Nxe5
gxh4 15. Nxf7 Rd7 16. Nxh6 Nh5 17. Nf5 Bf6 18. Rae1 Nf4 19. Kh2 Rg8 20. g3 Ne6
21. e5 Bg5 22. Re4 Rh7 23. g4 c5 24. f4 Bxf4+ 25. Rfxf4 Nxf4 26. Rxf4 Kd7 27.
Kg2 Ke6 28. Re4 Rf8 29. Kf3 Rhf7 30. Ke3 b5 31. c3 c4 32. dxc4 bxc4 33. Rxc4
Kxe5 34. Nxh4 Kf6 35. Nf5 Kg6 36. Rc6+ Kg5 37. h4+ Kxg4 38. Nh6+ Kxh4 39. Nxf7
Rxf7 40. Rxa6 Rd7 41. Rg6 Kh5 42. Rg2 c6 43. b3 Rd8 44. a4 Ra8 45. Ke4 1-0

[Event "EUR-ch U14 w"]
[Site "Batumi GEO"]
[Date "2014.10.23"]
[Round "5"]
[White "Ayazmali, Gizem"]
[Black "Imnadze, Lika"]
[Result "1-0"]
[WhiteElo "1745"]
[BlackElo "1446"]
[PlyCount "57"]
[EventDate "2014.10.19"]
[EventType "swiss"]
[EventRounds "9"]
[EventCountry "CAN"]
[Source "Chessbase"]
[SourceDate "2015.02.06"]

1. e4 e5 2. Nf3 Nc6 3. Bc4 Bc5 4. c3 Nf6 5. d3 d6 6. h3 h6 7. Nbd2 O-O 8. O-O
Re8 9. Re1 d5 10. exd5 Nxd5 11. d4 Bb6 12. Nxe5 Nxe5 13. dxe5 Nf4 14. Qf3 Ne6
15. Ne4 Qe7 16. Qg3 Kf8 17. a4 a6 18. Be3 Bxe3 19. Qxe3 Bd7 20. f4 Bc6 21. f5
Nd8 22. Ng3 Qh4 23. Bb3 b6 24. e6 fxe6 25. fxe6 Nb7 26. Rf1+ Kg8 27. Nf5 Qg5
28. Qxg5 hxg5 29. Nxg7 1-0

[Event "EUR-ch U14 w"]
[Site "Batumi GEO"]
[Date "2014.10.23"]
[Round "5"]
[White "Brezalieva, Steliyana"]
[Black "Mocanu, Valeria"]
[Result "0-1"]
[WhiteElo "1480"]
[BlackElo "1596"]
[PlyCount "64"]
[EventDate "2014.10.19"]
[EventType "swiss"]
[EventRounds "9"]
[EventCountry "CAN"]
[Source "Chessbase"]
[SourceDate "2015.02.06"]

1. d4 d5 2. c4 e6 3. Nc3 Nf6 4. Bf4 c6 5. e3 Bd6 6. Bxd6 Qxd6 7. Nf3 Nbd7 8. c5
Qc7 9. Bd3 e5 10. Be2 O-O 11. h3 e4 12. Nh2 Re8 13. Rb1 Nf8 14. Ng4 N6d7 15.
O-O f5 16. Nh2 Ng6 17. Bh5 Ndf8 18. Qa4 Re6 19. b4 Rf6 20. b5 Qe7 21. b6 a6 22.
Rfc1 Nh8 23. Kf1 f4 24. exf4 Rxf4 25. Ke2 Qh4 26. Rf1 Qxh5+ 27. Kd2 Qg5 28. Kc2
Qxg2 29. Ng4 Bxg4 30. hxg4 e3 31. Ne2 Rxf2 32. Rxf2 exf2 0-1

[Event "EUR-ch U14 w"]
[Site "Batumi GEO"]
[Date "2014.10.23"]
[Round "5"]
[White "Brezalieva, Steliyana"]
[Black "Napishvili, Mariam"]
[Result "1/2-1/2"]
[WhiteElo "1480"]
[BlackElo "1298"]
[PlyCount "81"]
[EventDate "2014.10.19"]
[EventType "swiss"]
[EventRounds "9"]
[EventCountry "CAN"]
[Source "Chessbase"]
[SourceDate "2015.02.06"]

1. d4 d5 2. c4 e6 3. Nc3 Be7 4. Bf4 Nf6 5. e3 O-O 6. Nf3 Nbd7 7. c5 c6 8. h3 b6
9. b4 a5 10. a3 Ba6 11. Bxa6 Rxa6 12. Qd3 Qa8 13. Rb1 axb4 14. axb4 Ra1 15. O-O
Rxb1 16. Rxb1 h6 17. Qc2 Qb7 18. Ra1 Ra8 19. Rxa8+ Qxa8 20. Qa4 Qb7 21. Qa2 Kf8
22. Ne5 Nxe5 23. Bxe5 Nd7 24. Bg3 Bf6 25. Bd6+ Be7 26. Bxe7+ Kxe7 27. Qb1 g6
28. f3 Qa6 29. Kf2 Qa3 30. Ne2 b5 31. Nf4 Nb8 32. Nd3 Nd7 33. Ke2 Qa6 34. Qb2
Qa4 35. Qd2 g5 36. Qb2 f6 37. g4 Nf8 38. Kf2 Nd7 39. Ke2 Nf8 40. Qd2 Qa7 41.
Qb2 1/2-1/2

[Event "EUR-ch U14 w"]
[Site "Batumi GEO"]
[Date "2014.10.23"]
[Round "5"]
[White "Broly, Mathilde"]
[Black "Kazarian, Anna Maja"]
[Result "0-1"]
[WhiteElo "1824"]
[BlackElo "2108"]
[PlyCount "84"]
[EventDate "2014.10.19"]
[EventType "swiss"]
[EventRounds "9"]
[EventCountry "CAN"]
[Source "Chessbase"]
[SourceDate "2015.02.06"]

1. d4 d5 2. c4 c6 3. Nf3 Nf6 4. Nc3 e6 5. e3 Nbd7 6. Qc2 Be7 7. Bd3 dxc4 8.
Bxc4 b5 9. Bd3 Bb7 10. O-O a6 11. b3 Rc8 12. Qe2 c5 13. Bb2 cxd4 14. Nxd4 Nc5
15. Bc2 b4 16. Nb1 Nce4 17. a3 Nc3 18. Qe1 Nfd5 19. Bd3 Nf4 20. exf4 Qxd4 21.
Bc4 Qxf4 22. Nxc3 bxc3 23. Qxc3 Bf6 24. Qc2 Bxg2 25. Kxg2 Qg4+ 26. Kh1 Qf3+ 27.
Kg1 Rc5 28. Bc1 Bxa1 29. Bb5+ Rxb5 30. Qc8+ Ke7 31. Qxh8 Rh5 32. Be3 Be5 33.
Rc1 Rxh2 34. Bg5+ Bf6 35. Rc7+ Kd6 36. Qf8+ Kxc7 37. Qxf7+ Kd6 38. Qf8+ Ke5 39.
Bxf6+ gxf6 40. Qc5+ Qd5 41. Qe3+ Kf5 42. Kxh2 Qe5+ 0-1

[Event "EUR-ch U14 w"]
[Site "Batumi GEO"]
[Date "2014.10.23"]
[Round "5"]
[White "Coman, Emilia Florentina"]
[Black "Busuioc, Alexandra"]
[Result "1-0"]
[WhiteElo "1636"]
[BlackElo "1833"]
[PlyCount "43"]
[EventDate "2014.10.19"]
[EventType "swiss"]
[EventRounds "9"]
[EventCountry "CAN"]
[Source "Chessbase"]
[SourceDate "2015.02.06"]

1. d4 d6 2. e4 Nf6 3. Bd3 Nbd7 4. Nf3 e5 5. c3 g6 6. Bg5 Bg7 7. Nbd2 c6 8. O-O
O-O 9. Re1 Qc7 10. Nc4 exd4 11. Nxd4 d5 12. exd5 Nxd5 13. Bc2 b5 14. Ne3 Nxe3
15. Rxe3 Nf6 16. Qd2 Ng4 17. Rg3 a6 18. Be4 Ne5 19. Qf4 Bd7 20. Bf6 Rae8 21.
Bxg7 Kxg7 22. h4 1-0

[Event "EUR-ch U14 w"]
[Site "Batumi GEO"]
[Date "2014.10.23"]
[Round "5"]
[White "Feofilova, Elizaveta"]
[Black "Tsomaia, Ekaterine"]
[Result "1/2-1/2"]
[WhiteElo "1813"]
[BlackElo "1500"]
[PlyCount "77"]
[EventDate "2014.10.19"]
[EventType "swiss"]
[EventRounds "9"]
[EventCountry "CAN"]
[Source "Chessbase"]
[SourceDate "2015.02.06"]

1. d4 d5 2. c4 e6 3. Nc3 Be7 4. cxd5 exd5 5. Bf4 c6 6. e3 Nf6 7. Qc2 Be6 8. Nf3
Nbd7 9. Ne5 Nh5 10. Nxd7 Qxd7 11. Be5 Bf5 12. Bd3 Bxd3 13. Qxd3 Bd6 14. Bxd6
Qxd6 15. Rc1 Nf6 16. O-O O-O 17. a3 Rfe8 18. Na4 Nd7 19. Qc3 Re6 20. Nc5 Nxc5
21. Qxc5 Qxc5 22. Rxc5 Rae8 23. Rc3 f5 24. g3 g5 25. Rd1 f4 26. Rdd3 fxg3 27.
hxg3 h5 28. Kg2 h4 29. Rd1 Rh6 30. Rh1 Re7 31. Rcc1 Reh7 32. Rh3 Kg7 33. Rch1
Kg6 34. gxh4 gxh4 35. Rf3 Rg7 36. Kh3 Kh7 37. Rf4 Kg8 38. Rh2 Rhg6 39. Rh1
1/2-1/2

[Event "EUR-ch U14 w"]
[Site "Batumi GEO"]
[Date "2014.10.23"]
[Round "5"]
[White "Gailiunaite, Saule"]
[Black "Lomandong, Noela Joyce"]
[Result "0-1"]
[WhiteElo "1653"]
[BlackElo "1852"]
[PlyCount "116"]
[EventDate "2014.10.19"]
[EventType "swiss"]
[EventRounds "9"]
[EventCountry "CAN"]
[Source "Chessbase"]
[SourceDate "2015.02.06"]

1. d4 f5 2. c4 Nf6 3. Nc3 g6 4. h4 h6 5. Nh3 Rg8 6. Nf4 g5 7. hxg5 hxg5 8. Nh5
d6 9. Nxf6+ exf6 10. e4 Be6 11. d5 Bf7 12. exf5 Qe7+ 13. Be3 Nd7 14. Nb5 Nc5
15. b4 a6 16. Nd4 Ne4 17. Ne6 Bxe6 18. fxe6 f5 19. Bd4 Bg7 20. Rh7 O-O-O 21. b5
a5 22. b6 cxb6 23. Rb1 Nf6 24. Rh3 Nd7 25. Bxb6 Nxb6 26. Rxb6 Qc7 27. Rb5 Rh8
28. Ra3 Rh1 29. Qd3 b6 30. Rab3 a4 31. Ra3 Kb7 32. Rxa4 Ra8 33. Rxa8 Kxa8 34.
a4 Be5 35. a5 bxa5 36. Qa3 Rxf1+ 37. Kxf1 Qxc4+ 38. Ke1 Qxb5 39. e7 Qb1+ 40.
Kd2 Bf4+ 41. Kc3 Qe1+ 42. Kc4 Qe4+ 43. Kc3 Qxe7 44. Qxa5+ Kb8 45. Qb5+ Qb7 46.
Qd3 Qc7+ 47. Kb3 Qb6+ 48. Ka4 Qa7+ 49. Kb5 Qc5+ 50. Ka6 Kc7 51. Qb3 Bd2 52.
Qb7+ Kd8 53. Qf7 Qa5+ 54. Kb7 Qb5+ 55. Ka7 Qd7+ 56. Qxd7+ Kxd7 57. Kb7 Bb4 58.
f3 Ke7 0-1

[Event "EUR-ch U14 w"]
[Site "Batumi GEO"]
[Date "2014.10.23"]
[Round "5"]
[White "Gajcin, Marina"]
[Black "Erseki, Tamara"]
[Result "1-0"]
[WhiteElo "2017"]
[BlackElo "1863"]
[PlyCount "75"]
[EventDate "2014.10.19"]
[EventType "swiss"]
[EventRounds "9"]
[EventCountry "CAN"]
[Source "Chessbase"]
[SourceDate "2015.02.06"]

1. e4 c5 2. Nf3 e6 3. c3 d6 4. d4 cxd4 5. cxd4 Nf6 6. Nc3 Be7 7. Bd3 O-O 8. O-O
Nc6 9. Re1 e5 10. d5 Nb4 11. Be2 Bg4 12. a3 Bxf3 13. Bxf3 Na6 14. Be3 Nd7 15.
Be2 Nc7 16. b4 Bg5 17. Qd2 Bxe3 18. Qxe3 f5 19. exf5 Rxf5 20. Bd3 Rf8 21. Qh3
Nf6 22. Re3 Rf7 23. Rf1 a5 24. b5 h6 25. Rg3 Kh8 26. a4 Qe7 27. Bg6 Rff8 28.
Rd1 Qd7 29. Bf5 Qf7 30. Bg6 Qe7 31. Bb1 Qf7 32. Qf5 Qh5 33. Qd3 Qf7 34. Rf3 Kg8
35. Ne4 Qe7 36. Nxf6+ Rxf6 37. Qh7+ Kf7 38. Bg6+ 1-0

[Event "EUR-ch U14 w"]
[Site "Batumi GEO"]
[Date "2014.10.23"]
[Round "5"]
[White "Greibrokk, Ingrid"]
[Black "Krasnokutskaya, Sofiya"]
[Result "0-1"]
[WhiteElo "1797"]
[BlackElo "1851"]
[PlyCount "62"]
[EventDate "2014.10.19"]
[EventType "swiss"]
[EventRounds "9"]
[EventCountry "CAN"]
[Source "Chessbase"]
[SourceDate "2015.02.06"]

1. e4 c5 2. Nc3 Nc6 3. f4 g6 4. Nf3 Bg7 5. Bc4 e6 6. f5 gxf5 7. d3 Nge7 8. O-O
O-O 9. Qe1 fxe4 10. dxe4 d5 11. exd5 exd5 12. Bd3 Bf5 13. Bxf5 Nxf5 14. Ng5
Ncd4 15. Qd1 Qd7 16. Qg4 Rae8 17. Bd2 b5 18. Nxb5 Qxb5 19. Rxf5 Qe2 20. Qf4
Nxf5 21. Qxf5 Qh5 22. g4 Qg6 23. Qf3 h6 24. Nh3 Qxc2 25. Rd1 Qe4 26. Qg3 Bd4+
27. Nf2 Qe2 28. Rf1 Qxd2 29. h4 Re1 30. g5 Rxf1+ 31. Kxf1 Qxf2+ 0-1

[Event "EUR-ch U14 w"]
[Site "Batumi GEO"]
[Date "2014.10.23"]
[Round "5"]
[White "Grigoryan, Arpine"]
[Black "Jibuti, Nata"]
[Result "1/2-1/2"]
[WhiteElo "1793"]
[BlackElo "1634"]
[PlyCount "95"]
[EventDate "2014.10.19"]
[EventType "swiss"]
[EventRounds "9"]
[EventCountry "CAN"]
[Source "Chessbase"]
[SourceDate "2015.02.06"]

1. e4 c5 2. Nf3 d6 3. d4 cxd4 4. Nxd4 Nf6 5. f3 e5 6. Bb5+ Bd7 7. Bxd7+ Qxd7 8.
Nf5 d5 9. Bg5 dxe4 10. Bxf6 Qxd1+ 11. Kxd1 gxf6 12. fxe4 b5 13. Nc3 Nc6 14.
Nxb5 Rb8 15. a4 a6 16. Nc7+ Kd7 17. Nd5 Rxb2 18. Kc1 Rb7 19. Nxf6+ Kc8 20. Rb1
Ba3+ 21. Kd2 Rd8+ 22. Ke3 Bc5+ 23. Kf3 Nd4+ 24. Nxd4 Rxd4 25. Rxb7 Kxb7 26.
Nxh7 Rxa4 27. h4 f5 28. Rb1+ Kc6 29. Ng5 Be7 30. Re1 Ra3+ 31. Kf2 f4 32. Nf3
Bf6 33. h5 Rc3 34. Rc1 a5 35. h6 a4 36. h7 a3 37. Ng5 a2 38. Nf7 Kb5 39. Ra1
Rxc2+ 40. Kf3 Kb4 41. h8=Q Bxh8 42. Nxh8 Ka3 43. Ng6 Rc5 44. Kg4 Kb2 45. Rxa2+
Kxa2 46. Kf5 Rc2 47. Nxe5 Rxg2 48. Kxf4 1/2-1/2

[Event "EUR-ch U14 w"]
[Site "Batumi GEO"]
[Date "2014.10.23"]
[Round "5"]
[White "Guluzada, Narmin Yalchin Q"]
[Black "Nilssen, Ellen Fredericia"]
[Result "0-1"]
[WhiteElo "1381"]
[BlackElo "1709"]
[PlyCount "46"]
[EventDate "2014.10.19"]
[EventType "swiss"]
[EventRounds "9"]
[EventCountry "CAN"]
[Source "Chessbase"]
[SourceDate "2015.02.06"]

1. e4 e6 2. d4 d5 3. exd5 exd5 4. Bd3 Bd6 5. c3 Ne7 6. Nf3 O-O 7. O-O Bf5 8.
Bxf5 Nxf5 9. Qb3 b6 10. Re1 c6 11. Nbd2 Nd7 12. Nf1 Qc7 13. Qc2 Ne7 14. Ng3 h6
15. Bd2 Rfe8 16. Ne2 Ng6 17. Rad1 Nf6 18. Qf5 Ne7 19. Qc2 Ng6 20. Qf5 Rxe2 21.
Rxe2 Re8 22. Bxh6 gxh6 23. Rxe8+ Nxe8 0-1

[Event "EUR-ch U14 w"]
[Site "Batumi GEO"]
[Date "2014.10.23"]
[Round "5"]
[White "Hasanzada, Ulkar"]
[Black "Stanimirovic, Ivana"]
[Result "1-0"]
[WhiteElo "1603"]
[BlackElo "1762"]
[PlyCount "87"]
[EventDate "2014.10.19"]
[EventType "swiss"]
[EventRounds "9"]
[EventCountry "CAN"]
[Source "Chessbase"]
[SourceDate "2015.02.06"]

1. d4 d5 2. c4 c6 3. e3 Nf6 4. Nf3 e6 5. Nc3 Be7 6. Bd3 dxc4 7. Bxc4 b5 8. Bd3
Bb7 9. O-O O-O 10. e4 a6 11. Be3 c5 12. dxc5 b4 13. Na4 Bxe4 14. Bxe4 Nxe4 15.
Qc2 Nf6 16. Nb6 Ra7 17. Rfd1 Qc7 18. Rac1 Nc6 19. Nd4 Kh8 20. Qa4 Nxd4 21. Rxd4
a5 22. Qb5 Qb8 23. a4 Rd8 24. Rxd8+ Qxd8 25. c6 Ng4 26. c7 Rxc7 27. Rxc7 Qd1+
28. Qf1 Qd6 29. Rc8+ Bd8 30. Rxd8+ Qxd8 31. Nc4 f5 32. h3 Nxe3 33. fxe3 Qd5 34.
Qf3 Qd8 35. Qc6 h6 36. Qxe6 Qd1+ 37. Kh2 Qf1 38. Ne5 Qf2 39. Qe8+ Kh7 40. Qg6+
Kg8 41. Qe6+ Kh7 42. b3 f4 43. Qf5+ Kg8 44. Qxf4 1-0

[Event "EUR-ch U14 w"]
[Site "Batumi GEO"]
[Date "2014.10.23"]
[Round "5"]
[White "Ismayilova, Aysu"]
[Black "Urbanc, Ana"]
[Result "0-1"]
[WhiteElo "1453"]
[BlackElo "1554"]
[PlyCount "119"]
[EventDate "2014.10.19"]
[EventType "swiss"]
[EventRounds "9"]
[EventCountry "CAN"]
[Source "Chessbase"]
[SourceDate "2015.02.06"]

1. d4 d5 2. c4 c6 3. Nc3 Nf6 4. Nf3 g6 5. Bf4 Bg7 6. e3 O-O 7. Bd3 Nh5 8. O-O
Nxf4 9. exf4 Bg4 10. cxd5 cxd5 11. Be2 Bxf3 12. Bxf3 e6 13. Ne2 Nc6 14. Qb3
Nxd4 15. Nxd4 Bxd4 16. Qxb7 Rb8 17. Qa6 Bxb2 18. Rab1 Bd4 19. Rfd1 Rxb1 20.
Rxb1 Qc8 21. Qxc8 Rxc8 22. Bd1 Bb6 23. Kf1 f6 24. Bb3 Kf7 25. Ke2 Rc3 26. Kd2
Ba5 27. Ke2 Ke7 28. Ba4 Bb6 29. Bb3 h6 30. f3 Re3+ 31. Kd2 d4 32. Bd1 Ba5+ 33.
Kc1 Rc3+ 34. Kb2 g5 35. fxg5 hxg5 36. h3 Bb4 37. Bb3 Re3 38. Rc1 Re2+ 39. Kb1
Kd7 40. Rc4 Bc3 41. Ba4+ Kd8 42. Rc6 Rb2+ 43. Kc1 Rxa2 44. Bb3 Rxg2 45. Rxe6
Rg3 46. Rxf6 Rxh3 47. Ra6 Rxf3 48. Rxa7 Rf1+ 49. Kc2 Rf5 50. Kd3 Rf3+ 51. Kc4
Bd2 52. Ba4 Be3 53. Kd3 g4 54. Bd1 Rg3 55. Rf7 Ke8 56. Rb7 Rg1 57. Be2 g3 58.
Rg7 Kf8 59. Rg4 Ke7 60. Ke4 0-1

[Event "EUR-ch U14 w"]
[Site "Batumi GEO"]
[Date "2014.10.23"]
[Round "5"]
[White "Ivanyan, Ani"]
[Black "Adamyan, Mane"]
[Result "0-1"]
[WhiteElo "1589"]
[BlackElo "1811"]
[PlyCount "82"]
[EventDate "2014.10.19"]
[EventType "swiss"]
[EventRounds "9"]
[EventCountry "CAN"]
[Source "Chessbase"]
[SourceDate "2015.02.06"]

1. d4 Nf6 2. Nf3 c5 3. e3 g6 4. Bd3 Bg7 5. O-O O-O 6. c4 cxd4 7. exd4 d5 8. Nc3
Nc6 9. h3 dxc4 10. Bxc4 Na5 11. Be2 Be6 12. Bf4 Rc8 13. Rc1 Nd5 14. Qd2 Nc4 15.
Bxc4 Rxc4 16. Ne4 Rxc1 17. Qxc1 Qb6 18. Bh6 Rc8 19. Qd2 Qb4 20. Nc5 Qxd2 21.
Bxd2 Bf5 22. Rc1 b6 23. Nd3 Rxc1+ 24. Nxc1 Nc7 25. Bc3 Nb5 26. Nb3 Nxc3 27.
bxc3 Bb1 28. a3 Bc2 29. Nbd2 e6 30. Ne1 Ba4 31. f3 Bf8 32. Nb1 Bb5 33. Kf2 Kg7
34. Ke3 Kf6 35. g3 g5 36. Nd3 Bd6 37. Nf2 Kg6 38. f4 gxf4+ 39. gxf4 Kf5 40. Ng4
Bxf4+ 41. Kf3 Bd3 0-1

[Event "EUR-ch U14 w"]
[Site "Batumi GEO"]
[Date "2014.10.23"]
[Round "5"]
[White "Karimzada, Narmin Niyazi"]
[Black "Obolentseva, Alexandra"]
[Result "1/2-1/2"]
[WhiteElo "1679"]
[BlackElo "2126"]
[PlyCount "74"]
[EventDate "2014.10.19"]
[EventType "swiss"]
[EventRounds "9"]
[EventCountry "CAN"]
[Source "Chessbase"]
[SourceDate "2015.02.06"]

1. e4 c5 2. Nf3 d6 3. Bb5+ Bd7 4. Bxd7+ Qxd7 5. c4 Nc6 6. Nc3 g6 7. d4 cxd4 8.
Nxd4 Bg7 9. Nde2 Nf6 10. f3 O-O 11. O-O Rfd8 12. Bg5 h6 13. Bh4 Rac8 14. b3 b6
15. Rc1 Qb7 16. Qd2 Ne8 17. Nd5 Rd7 18. Rfd1 e6 19. Ndc3 Kh7 20. Kh1 Nf6 21.
Nb5 Rcd8 22. Ned4 Ne5 23. Qe2 g5 24. Bg3 Nh5 25. Qf2 Ng6 26. Ne2 d5 27. exd5
exd5 28. cxd5 Rxd5 29. Nbc3 Rd2 30. Qe1 Rxd1 31. Rxd1 Re8 32. Qd2 Nxg3+ 33.
hxg3 Ne5 34. Ne4 Qa8 35. Qc2 Kh8 36. Nd6 Re7 37. Nf5 Rd7 1/2-1/2

[Event "EUR-ch U14 w"]
[Site "Batumi GEO"]
[Date "2014.10.23"]
[Round "5"]
[White "Korchagina, Alena"]
[Black "Tsolakidou, Stavroula"]
[Result "0-1"]
[WhiteElo "1894"]
[BlackElo "2305"]
[PlyCount "120"]
[EventDate "2014.10.19"]
[EventType "swiss"]
[EventRounds "9"]
[EventCountry "CAN"]
[Source "Chessbase"]
[SourceDate "2015.02.06"]

1. Nf3 Nf6 2. c4 e6 3. d4 Bb4+ 4. Bd2 a5 5. g3 d6 6. Bg2 Nbd7 7. O-O e5 8. Bg5
exd4 9. Nxd4 h6 10. Bxf6 Qxf6 11. a3 Bc5 12. e3 c6 13. Nc3 Ne5 14. Ne4 Qe7 15.
Qc2 Ba7 16. b4 O-O 17. b5 Bd7 18. Rab1 f5 19. Nd2 Bc5 20. bxc6 bxc6 21. Qa4 Qe8
22. Rb7 Qc8 23. Rb2 f4 24. gxf4 Nd3 25. Rb3 Nxf4 26. exf4 Bxd4 27. Rg3 Rxf4 28.
Ne4 Qf8 29. Qd1 Be5 30. Re3 Rh4 31. Ng3 Rd4 32. Qc2 Rf4 33. Qe2 Bd4 34. Rd3 Re8
35. Qd2 Bc5 36. Rc3 Qf7 37. Qc2 Bd4 38. Rd3 Qg6 39. Qd2 Qg4 40. Rb3 Ref8 41.
Nh1 Qh5 42. Qc2 a4 43. Rb7 Bh3 44. Qd1 Qg5 45. Ng3 Rxf2 46. Rxf2 Rxf2 47. Rb8+
Kh7 48. Qb1+ Qg6 49. Qxg6+ Kxg6 50. Be4+ Kg5 51. Kh1 Rd2 52. Rb1 c5 53. Bd5 Ra2
54. Ne4+ Kf4 55. Nxd6 Rxa3 56. Re1 Ra1 57. Rxa1 Bxa1 58. Bc6 a3 59. Ba4 Bd4 60.
Bb3 a2 0-1

[Event "EUR-ch U14 w"]
[Site "Batumi GEO"]
[Date "2014.10.23"]
[Round "5"]
[White "Koridze, Lile"]
[Black "Garcia Martin, Marta"]
[Result "1/2-1/2"]
[WhiteElo "1750"]
[BlackElo "2027"]
[PlyCount "93"]
[EventDate "2014.10.19"]
[EventType "swiss"]
[EventRounds "9"]
[EventCountry "CAN"]
[Source "Chessbase"]
[SourceDate "2015.02.06"]

1. d4 Nf6 2. c4 e6 3. Nc3 Bb4 4. e3 O-O 5. Nge2 d5 6. a3 Be7 7. cxd5 exd5 8.
Nf4 b6 9. Be2 Bb7 10. O-O Re8 11. b4 Bd6 12. Nh5 Nbd7 13. Bb2 a6 14. Nxf6+ Nxf6
15. Bf3 Ne4 16. g3 Qg5 17. Bg2 h5 18. Nxe4 dxe4 19. Bh3 Bd5 20. Bd7 Re7 21. h4
Qg6 22. Bh3 a5 23. bxa5 Rxa5 24. Qd2 Re8 25. Rfc1 Rea8 26. Qc3 Qf6 27. Bd7 c6
28. Bxc6 Rc8 29. Qd2 Rxc6 30. Rxc6 Bxc6 31. d5 Be5 32. dxc6 Bxb2 33. c7 Ra8 34.
Rd1 Qc6 35. Qd8+ Kh7 36. Qxa8 Qxa8 37. Rd8 Qc6 38. c8=Q Qxc8 39. Rxc8 Bxa3 40.
Rb8 Bc5 41. Kf1 Kg6 42. Ke2 Kf5 43. Rb7 Ke6 44. Kd1 g6 45. Kc2 f6 46. Kb3 Kf5
47. Kc4 1/2-1/2

[Event "EUR-ch U14 w"]
[Site "Batumi GEO"]
[Date "2014.10.23"]
[Round "5"]
[White "Louka, Magdalini"]
[Black "Stanciu, Andreea Briana"]
[Result "1/2-1/2"]
[WhiteElo "1689"]
[BlackElo "1993"]
[PlyCount "134"]
[EventDate "2014.10.19"]
[EventType "swiss"]
[EventRounds "9"]
[EventCountry "CAN"]
[Source "Chessbase"]
[SourceDate "2015.02.06"]

1. e4 c6 2. d4 d5 3. Nc3 dxe4 4. Nxe4 Bf5 5. Ng3 Bg6 6. Nf3 Nd7 7. Bd3 e6 8.
O-O Ngf6 9. Re1 Bd6 10. c4 O-O 11. b3 Qc7 12. Bb2 Rfd8 13. Qc2 Rac8 14. Rad1 c5
15. Bxg6 hxg6 16. Ne5 cxd4 17. Nxd7 Nxd7 18. Bxd4 Nf6 19. Bb2 b5 20. Rd4 Re8
21. Qd2 Be5 22. Rh4 Bxb2 23. Qxb2 Qa5 24. b4 Qa4 25. c5 a6 26. Ne4 Nxe4 27.
Rhxe4 Red8 28. Kf1 Rd5 29. R4e3 a5 30. a3 Rcd8 31. Qb3 Qxb3 32. Rxb3 a4 33. Rc3
Kf8 34. Rec1 Ke7 35. Ke2 Kd7 36. Rd1 Rxd1 37. Kxd1 Kc6+ 38. Ke2 Rh8 39. h3 Kd5
40. Ke3 e5 41. Rd3+ Kc4 42. Kd2 e4 43. Rc3+ Kd4 44. c6 f5 45. c7 Rc8 46. Rc5 f4
47. Rxb5 e3+ 48. fxe3+ fxe3+ 49. Kd1 Rxc7 50. Rb8 Rc3 51. Rd8+ Ke4 52. Re8+ Kf4
53. Rf8+ Kg3 54. Rg8 Kf2 55. Rf8+ Kxg2 56. Ke2 Kxh3 57. Kf3 Kh4 58. Rg8 Kg5 59.
Rxg7 Rxa3 60. Ra7 Kf5 61. b5 g5 62. b6 g4+ 63. Ke2 Rb3 64. Rxa4 Rxb6 65. Kxe3
Rb3+ 66. Kf2 Ke5 67. Ra8 Kf5 1/2-1/2

[Event "EUR-ch U14 w"]
[Site "Batumi GEO"]
[Date "2014.10.23"]
[Round "5"]
[White "Maksimovic, Masa"]
[Black "Nazarova, Anastasia"]
[Result "1/2-1/2"]
[WhiteElo "1679"]
[BlackElo "1932"]
[PlyCount "109"]
[EventDate "2014.10.19"]
[EventType "swiss"]
[EventRounds "9"]
[EventCountry "CAN"]
[Source "Chessbase"]
[SourceDate "2015.02.06"]

1. e4 c5 2. Nf3 Nc6 3. d4 cxd4 4. Nxd4 g6 5. Nc3 Bg7 6. Be3 Nf6 7. Nxc6 bxc6 8.
e5 Ng8 9. f4 f6 10. exf6 Nxf6 11. Be2 Qa5 12. O-O O-O 13. a3 Rb8 14. b4 Qc7 15.
Rb1 d5 16. Bd4 Nd7 17. Bxg7 Kxg7 18. Qd4+ e5 19. fxe5 Qxe5 20. Qxe5+ Nxe5 21.
Rxf8 Kxf8 22. Na4 Bf5 23. Rb2 Ke7 24. Nc5 Kd6 25. c3 h5 26. Rd2 Re8 27. Kf2 Rf8
28. Ke3 Rf7 29. Rd1 Kc7 30. a4 Re7 31. Kf2 Bg4 32. Rd2 Rf7+ 33. Ke1 Bc8 34. Ba6
Nd7 35. Bd3 Nxc5 36. bxc5 Bf5 37. Rf2 Kd7 38. Kd2 Ke6 39. Bxf5+ Rxf5 40. Rxf5
Kxf5 41. Kd3 Kf4 42. Kd4 h4 43. g3+ hxg3 44. hxg3+ Kxg3 45. Ke5 g5 46. Kd6 g4
47. Kxc6 Kf4 48. Kxd5 g3 49. c6 g2 50. c7 g1=Q 51. c8=Q Qd1+ 52. Kc5 Qg1+ 53.
Kd5 Qg2+ 54. Kc4 Qe4+ 55. Kc5 1/2-1/2

[Event "EUR-ch U14 w"]
[Site "Batumi GEO"]
[Date "2014.10.23"]
[Round "5"]
[White "Mican, Karmela"]
[Black "Misiuk, Karolina"]
[Result "0-1"]
[WhiteElo "1726"]
[BlackElo "1480"]
[PlyCount "108"]
[EventDate "2014.10.19"]
[EventType "swiss"]
[EventRounds "9"]
[EventCountry "CAN"]
[Source "Chessbase"]
[SourceDate "2015.02.06"]

1. e4 c5 2. Nf3 Nc6 3. d4 cxd4 4. Nxd4 g6 5. c4 Bg7 6. Be3 Nf6 7. Nc3 d6 8. Be2
Bd7 9. O-O O-O 10. Qd2 Nxd4 11. Bxd4 Bc6 12. Bd3 a5 13. Rfe1 Ng4 14. Bxg7 Kxg7
15. Nd5 e6 16. Nc3 Qc7 17. h3 Ne5 18. Bf1 Rad8 19. Rad1 Qb6 20. b3 Rg8 21. Qd4
Qxd4 22. Rxd4 f6 23. Red1 Nf7 24. Be2 Kf8 25. c5 Ke7 26. cxd6+ Rxd6 27. Bb5
Bxb5 28. Nxb5 Rxd4 29. Rxd4 Rd8 30. Kf1 Rxd4 31. Nxd4 Kd6 32. Ke2 e5 33. Nc2
Kc5 34. Kd3 Nd8 35. a3 Nc6 36. g4 g5 37. Kc3 Nd4 38. Ne3 Ne2+ 39. Kd3 Nf4+ 40.
Kc3 Nxh3 41. Nd5 Nxf2 42. Nxf6 h6 43. b4+ axb4+ 44. axb4+ Kd6 45. Kd2 Ke6 46.
Ke2 Kxf6 47. Kxf2 b5 48. Kg3 Kg6 49. Kh3 h5 50. Kg3 Kh6 51. Kh3 hxg4+ 52. Kg2
g3 53. Kxg3 Kh5 54. Kh3 g4+ 0-1

[Event "EUR-ch U14 w"]
[Site "Batumi GEO"]
[Date "2014.10.23"]
[Round "5"]
[White "Milovanova, Maria"]
[Black "Aksoy, Ayca"]
[Result "0-1"]
[WhiteElo "1965"]
[BlackElo "1778"]
[PlyCount "70"]
[EventDate "2014.10.19"]
[EventType "swiss"]
[EventRounds "9"]
[EventCountry "CAN"]
[Source "Chessbase"]
[SourceDate "2015.02.06"]

1. d4 Nf6 2. c4 e6 3. Nc3 c5 4. d5 exd5 5. cxd5 d6 6. e4 g6 7. f4 Bg7 8. Bb5+
Nfd7 9. Bd3 O-O 10. Nf3 Re8 11. O-O Nf6 12. Re1 Bg4 13. h3 Bxf3 14. Qxf3 Nbd7
15. Be3 a6 16. a4 Rc8 17. Bf1 Nb6 18. Bf2 Nfd7 19. a5 Na8 20. Bc4 Nc7 21. Re2
Rb8 22. Bg3 b5 23. axb6 Rxb6 24. e5 dxe5 25. d6 Ne6 26. fxe5 Rb4 27. Ba2 c4 28.
Rf1 Ng5 29. Qd5 Ne6 30. h4 Qb8 31. Qf3 Rf8 32. Qf2 Qb7 33. Bb1 Ndc5 34. Nd1 Nb3
35. h5 Qc6 0-1